000 00732nam a22002297a 4500
003 UA-OsUOA
001 34593
007 ta
008 20051014b un ||||| |||| 00| 0 ukr d
090 _a32(477)
942 _cBK
040 _aUA-OsUOA
_bukr
_cUA-OsUOA
_dUA-OsUOA
245 _aУкраїна: інформація і свобода слова: збірник законодавчих актів, нормативних документів та статей фахівців
_cУпоряд. А.М. Задворний
300 _a832 с.
955 _a1
041 _aukr
080 _a32(477)
020 _a5-7720-0938-9
260 _aК.
_bМолодь
_c1997
650 7 _a32 Політика
_2UDC
999 _c321028
_d321028